Miasta z końcówką „Śląsk” - Statystyki

Ogólne statystyki
  • Ten quiz został rozwiązany 44 razy
  • Średni wynik to 6 z 13
Statystyki odpowiedzi
# Miasta % Poprawnych
ŚL Ruda Śląska
80%
ŚL Piekary Śląskie
78%
ŚL Siemianowice Śląskie
78%
ŚL Miasteczko Śląskie
53%
ŚL Wodzisław Śląski
53%
Środa Śląska
45%
Ząbkowice Śląskie
43%
Stronie Śląskie
40%
OP Gorzów Śląski
38%
Jaworzyna Śląska
38%
Lwówek Śląski
38%
Gryfów Śląski
33%
Oborniki Śląskie
28%
Nie znaleziono quizów pasujących do podanych kryteriów
Rozkład punktacji
Procent ludzi z każdym wynikiem
Percentyl według liczby udzielonych odpowiedzi
Twoja historia wyników
Nie rozwiązałeś tego quizu